书目信息 |
| 题名: |
脑中魅影
|
|
| 作者: | 拉马钱德兰 , 布莱克斯利 著 ;顾凡及 译 | |
| 分册: | ||
| 出版信息: | 长沙 湖南科学技术出版社 2018 |
|
| 页数: | 41,494页 | |
| 开本: | 21cm | |
| 丛书名: | 第一推动丛书 | |
| 单 册: | ||
| 中图分类: | R338.2-49 | |
| 科图分类: | ||
| 主题词: | 脑科学--普及读物 | |
| 电子资源: | ||
| ISBN: | 978-7-5357-8829-0 | |
| 000 | 01440oam2 2200313 450 | |
| 001 | 7156 | |
| 005 | 20180604231602.61 | |
| 010 | @a978-7-5357-8829-0@dCNY69.00 | |
| 010 | @a978-7-5357-9558-8@bCNY2598.00(全套) | |
| 100 | @a20180513d2018 em y0chiy50 ea | |
| 101 | 1 | @achi@ceng |
| 102 | @aCN@b430000 | |
| 105 | @aa z 001yy | |
| 200 | 1 | @a脑中魅影@9nao zhong mei ying@dPhantoms in the brain@f(美)V.S. 拉马钱德兰(Vilayanur Subramanian Ramachandran),(美)S. 布莱克斯利(Sandra Blakeslee)著@g顾凡及译@zeng |
| 210 | @a长沙@c湖南科学技术出版社@d2018 | |
| 215 | @a41,494页@c图@d21cm | |
| 225 | 1 | @a第一推动丛书@i生命系列@v08 |
| 305 | @a湖南科学技术出版社通过Brockman, Inc.独家获得本书中文简体版中国大陆出版发行权 | |
| 330 | @a本书作者给读者讲解许多他所解决了的最令人瞠目结舌的病例,包括为什么我们会发笑或是变得忧郁;我们如何决策、自我欺骗和做梦;为什么我们中的一些人会相信上帝等,这是一些迄今为止没有什么科学家敢涉及的问题。本书是一次发人深思的医学探索,它进入到了医学的最后前沿:人的心智。 | |
| 461 | 0 | @12001 @a第一推动丛书 |
| 462 | 0 | @12001 @a生命系列 |
| 510 | 1 | @aPhantoms in the brain@zeng |
| 606 | 0 | @a脑科学@j普及读物 |
| 690 | @aR338.2-49@v5 | |
| 701 | 0 | @c(美)@a拉马钱德兰@9la ma qian de lan@c(Ramachandran, Vilayanur Subramanian)@4著 |
| 701 | 0 | @c(美)@a布莱克斯利@9bu lai ke si li@c(Blakeslee, Sandra)@4著 |
| 702 | 0 | @a顾凡及@9gu fan ji@4译 |
| 801 | 0 | @aCN@b91MARC@c20180513 |
| 905 | @aMuseLib@dR338.2-49@e303 | |
| 脑中魅影=Phantoms in the brain/(美)V.S. 拉马钱德兰(Vilayanur Subramanian Ramachandran),(美)S. 布莱克斯利(Sandra Blakeslee)著/顾凡及译.-长沙:湖南科学技术出版社,2018 |
| 41,494页:图;21cm.-(第一推动丛书.生命系列;08) |
| ISBN 978-7-5357-8829-0:CNY69.00 |
| 本书作者给读者讲解许多他所解决了的最令人瞠目结舌的病例,包括为什么我们会发笑或是变得忧郁;我们如何决策、自我欺骗和做梦;为什么我们中的一些人会相信上帝等,这是一些迄今为止没有什么科学家敢涉及的问题。本书是一次发人深思的医学探索,它进入到了医学的最后前沿:人的心智。 |
| ● |
| 相关链接 |
|
|
|
|
正题名:脑中魅影
索取号:R338.2-49/303
 
预约/预借
| 序号 | 登录号 | 条形码 | 馆藏地/架位号 | 状态 | 备注 |
| 1 | 1116689 | 211166897 | 第二样本阅览室/ [索取号:R338.2-49/303] | 在馆 | |
| 2 | 1116690 | 211166904 | 教育系资料室/ [索取号:R338.2-49/303] | 在馆 | |
| 3 | 1116691 | 211166913 | 教育系资料室/ [索取号:R338.2-49/303] | 在馆 | |
| 4 | 1116692 | 211166922 | 第三借阅区/ [索取号:R338.2-49/303] | 在馆 |